000 00322nam a2200145Ia 4500
008 230718s9999 xx 000 0 und d
041 _aEng.
082 _a342.01
_bBRA-H
100 _aBrarch R.
245 0 _aHow did it begin
260 _aPakistan
_bIynron Press
_c1985
300 _a352
650 _aLaw
999 _c29930
_d29930